tables de Pythagore - Taïly - Statistiques

Statistiques générales
  • Ce quiz a été pris 17 fois
  • Le résultat moyen est 9 sur 12
Statistiques - réponses
# % Correct
3,5
86%
15
79%
27
79%
6
79%
7,5
79%
21
71%
31,5
71%
4,5
71%
63
71%
9
71%
18
64%
49,5
64%
Aucun quiz correspondant
Distribution des résultats
% des personnes avec chaque résultat
Percentile par nombre de réponses
Votre historique - résultats
Vous n’avez pas pris ce quiz